| 000 | 01055nam a2200241 a 4500 | ||
|---|---|---|---|
| 001 | 000031966 | ||
| 005 | 20260305073951.0 | ||
| 008 | 110707s1992 dr 000 0 spa d | ||
| 040 |
_aDO-SdBNP _bspa _cBNPHU |
||
| 082 |
_a972.9302 _bM938c, 1992 |
||
| 100 | 1 |
_aMoya Pons, Frank, _d1944- _92095 |
|
| 245 | 1 | 3 |
_aEl choque del descubrimiento / _cFrank Moya Pons. |
| 250 | _a2a. ed. | ||
| 260 |
_aSanto Domingo : _bTaller, _c1992. |
||
| 300 |
_a79 p. ; _c14 cm. |
||
| 500 | _a"Conferencia inaugural pronunciada en la apertura del Congreso de Salud Mental organizado por el Movimeinto Avance Psiquiátrico ... el lunes 23 de marzo de 1992, en el Hotel Sheraton, Santo Domingo"--p. [9]. | ||
| 590 | _aInventariado, 2020/MF | ||
| 650 | 4 |
_aTrato a los indigenas _xHispaniola _958130 |
|
| 650 | 4 |
_aTrato a los indigenas _xAntillas _958131 |
|
| 651 | 0 |
_aRepública Dominicana -- _xHistoria -- _yDescubrimiento y conquista, 1492-1503 _9255 |
|
| 651 | 0 |
_aRepública Dominicana -- _xHistoria -- _yColonia, 1503-1844 _911397 |
|
| 910 | _aValidado. Control de calidad MFF | ||
| 999 |
_c31457 _d31457 |
||